Logos y praxis: comentario crítica a la lógica de Hegel

Saved in:
Bibliografiske detaljer
Hovedforfatter: Segura, Armando (Author)
Format: Bog
Sprog:spansk
Udgivet: Granada TAT 1988
Serier:Universitaria de Filosofía
Fag:
Tags: Tilføj Tag
Ingen Tags, Vær først til at tagge denne postø!

MARC

LEADER 00000nam a2200000 a 4500
001 UCS4560
003 CL-VaPUC
008 970808e19880000SP |||||||||||||||||spa|d
082 0 4 |a 193  |b SEG  |2 21 
100 0 |a Segura, Armando  |e author  |9 390436 
245 1 0 |a Logos y praxis: comentario crítica a la lógica de Hegel 
300 |a 441 p 
942 |c BK 
945 |d 19970808 00:00:00  |a rleighto 
260 |a Granada  |b TAT  |c 1988 
650 0 |a Filosofía alemana   |9 265002 
650 0 |a Lógica  |9 256849 
583 |a last modification  |c 19970808 00:00:00  |k Rodrigo Vera 
490 0 |a Universitaria de Filosofía 
999 |c 261532  |d 261530 
952 |0 0  |1 0  |4 0  |6 193_000000000000000_SEG_1988  |7 0  |8 A  |9 289079  |a BIBEDU  |b BIBEDU  |d 2019-11-19  |i 3336549  |o 193 SEG 1988  |p 3336549  |r 2021-11-25  |w 2019-11-19  |y BK  |k FIL